FOUJITA DIARY : 12 panoramas by tsuguharu foujita.

While travelling through Japan in October and November of 1934, painter Leonard Tsuguharu Foujita made a charming booklet of colour drawings for his friend and travelling companion Eduardo de Arteaga. Foujita, Eduardo, and Foujita's wife Madeleine Lequeux journeyed together to Kobe, Kyoto, and...

Full description

Bibliographic Details
Main Author: Hjorth, Michel
Format: Book
Language:English
Published: [Place of publication not identified] : BOOXENCOUNTERS AB, 2020.
Subjects:

MARC

Tag First Indicator Second Indicator Subfields
LEADER 00000cam a2200000M 4500
001 in00004124813
008 190901s2020 xx 000 0 eng d
005 20250318220421.9
020 |a 9789198465198 
020 |a 9198465198 
035 |a (OCoLC)on1114567323 
035 |a (OCoLC)1114567323 
040 |a YDX  |b eng  |c YDX  |d ERASA  |d UtOrBLW 
050 4 |a ND1059.F6 
050 4 |a N6480-6495 
082 0 4 |a 759.952  |2 23 
082 0 4 |a 709.04 
100 1 |a Hjorth, Michel.  |0 http://id.loc.gov/authorities/names/no2012064349 
245 1 0 |a FOUJITA DIARY :  |b 12 panoramas by tsuguharu foujita. 
264 1 |a [Place of publication not identified] :  |b BOOXENCOUNTERS AB,  |c 2020. 
336 |a text  |b txt  |2 rdacontent 
337 |a unmediated  |b n  |2 rdamedia 
338 |a volume  |b nc  |2 rdacarrier 
520 8 |a While travelling through Japan in October and November of 1934, painter Leonard Tsuguharu Foujita made a charming booklet of colour drawings for his friend and travelling companion Eduardo de Arteaga. Foujita, Eduardo, and Foujita's wife Madeleine Lequeux journeyed together to Kobe, Kyoto, and the island of Itsukushima, popularly known as Miyajima. This book reproduces the delightful and previously unpublished sketches Foujita made for that trip, and recounts the story of the journey. 
600 1 0 |a Foujita, Tsugouharu,  |d 1886-1968  |v Diaries. 
852 8 |b pda,print  |z This title is available for the library to purchase for your use. Click the "Purchase It For Me" button to place a request. This item may take 5-10 business days to arrive. 
955 |a Print PDA title 
961 |m 565730 
999 f f |s 7494a3f5-4cc0-4386-b72d-3633888ec272  |i ac7d9f9b-1146-32ea-9853-a2d519b2f8ca  |t 0 
952 f f |a Texas A&M University  |b College Station  |c Sterling C. Evans Library  |d Purchase on Demand  |t 0  |e ND1059.F6   |h Library of Congress classification 
998 f f |a ND1059.F6   |t 0  |l Purchase on Demand